Statistics for General Knowledge Quiz #93

Click here to take the quiz!

General Stats

  • This quiz has been taken 104,486 times
    (58,988 since last reset)
  • The average score is 11 of 20

Answer Stats

QuestionAnswer% Correct
What former country's flag featured a hammer and a sickle?The Soviet Union
88%
When are nocturnal creatures most active?At night
81%
Which country would you be in if you were climbing the North Face of Everest?China
81%
In what country is Nguyen the most common family name?Vietnam
74%
What is the only Grand Slam tennis tournament to be played on clay courts?French Open
65%
What type of animal makes royal jelly?Bees
56%
What element are computer chips typically made from?Silicon
56%
What program's 9th step is "making amends"?Alcoholics Anonymous
55%
Which English King fought in the Third Crusade?Richard I
55%
Other than Jesus's mother, which prominent Bible character was named Mary?Mary Magdalene
53%
Who was shot and killed by a partisan soldier near Lake Como in northern Italy in 1945?Benito Mussolini
52%
What word, starting with G, refers to a person who is not Jewish?Gentile
48%
What two words come before "Lonely Hearts Club Band"?Sgt. Pepper's
47%
What was Felix Baumgartner doing when he broke the sound barrier in 2012?Skydiving
47%
What is the largest ethnic group in Germany (besides Germans)?Turks
47%
Where would you find Capitoline and Palatine hills?Rome
46%
What did Mark Antony ask the audience to lend him, in his famous soliloquy
in Shakespeare's "Julius Caesar"?
Their Ears
44%
What amusement ride was first ridden in 1893 at the World's Columbian Exposition
in Chicago?
Ferris Wheel
42%
What "C" word refers to a pile of rocks that marks a hiking trail?Cairn
23%
What does the O stand for in HHLBBCNO?Oxygen
16%

Score Distribution

Percentile by Number Answered

Percent of People with Each Score

Your Score History

You have not taken this quiz since the last reset